000 00391nam a22001457a 4500
003 OSt
005 20220218101331.0
008 220218b |||||||| |||| 00| 0 eng d
020 _a0070404917
040 _cH U
082 _a660.2815
100 _aMarlin Thomas E.
_930812
245 _aProcess Control Designing Processes And Control Systems For Dynamic Performance
942 _2ddc
_cBOOKS
_n0
999 _c30767
_d30767